Bài tập cơ học kết cấu

שמור ב:
מידע ביבליוגרפי
מחבר ראשי: Lều, Thọ Trình
פורמט: ספר
שפה:Undetermined
יצא לאור: Hà Nội Khoa học và Kỹ thuật 2006
נושאים:
תגים: הוספת תג
אין תגיות, היה/י הראשונ/ה לתייג את הרשומה!
Thư viện lưu trữ: Trung tâm Học liệu Trường Đại học Cần Thơ
LEADER 00622nam a2200205Ia 4500
001 CTU_129184
008 210402s9999 xx 000 0 und d
020 |c 29000 
082 |a 624.171076 
082 |b Tr312/T.1 
100 |a Lều, Thọ Trình 
245 0 |a Bài tập cơ học kết cấu 
245 0 |c Lều Thọ Trình, Nguyễn Mạnh Yên 
260 |a Hà Nội 
260 |b Khoa học và Kỹ thuật 
260 |c 2006 
650 |a Mechanics, Applied,Statics 
650 |x Problems, exercises, etc. 
904 |i Minh 
980 |a Trung tâm Học liệu Trường Đại học Cần Thơ